00294 a2200109 450000100060000004000220000610000320002824000530006024500480011336200090016165000140017065424 cAnchieta - Pituba aHenrique, Álvaro e Renato10a2ª avaliação de Química, 1º sérielpor10a2ª avaliação de Química, 1º série0 a2018 4aQuímica